| 000 | 00624nam a2200181 a 4500 | ||
|---|---|---|---|
| 008 | 120416s2001 ||||||||||||||||| || u | ||
| 020 | _a0852554206 | ||
| 050 | _aSB 118.3 Tri | ||
| 100 | _aTripp, Robert | ||
| 245 | 1 | 0 | _aSeed provision and agricultural development |
| 260 |
_aLondon _bODI _c2001 |
||
| 350 | _a0.00 | ||
| 650 | _aSEEDS--DISTRIBUTION | ||
| 650 | _aSEED TECHNOLOGY | ||
| 650 | _aAGRICUTURE--ZAMBIA | ||
| 650 | _aAGRICULTURE--DEVELOPING COUNTRIES | ||
| 995 |
_D0.00 _FCBU-MAIN LIBRARY (Kitwe) _H1 _I5.00 _M1 _UAVAILABLE _ZMain Library Open Access Collection |
||
| 999 |
_c57233 _d57233 |
||